Central Library OPAC University of Rajshahi

Understanding and using dBase III plus power tools / (Record no. 326)

MARC details
000 -LEADER
fixed length control field 00896cam a2200289 a 4500
001 - CONTROL NUMBER
control field 326
003 - CONTROL NUMBER IDENTIFIER
rucl marc code BD-RjUL
005 - DATE AND TIME OF LATEST TRANSACTION
control field 20211208233147.0
008 - FIXED-LENGTH DATA ELEMENTS--GENERAL INFORMATION
fixed length control field 870115s19961987ii a b 001 0 eng
020 ## - INTERNATIONAL STANDARD BOOK NUMBER
International Standard Book Number 0943518660 (pbk.) :
035 ## - SYSTEM CONTROL NUMBER
System control number (BD-RjUL) 343
040 ## - CATALOGING SOURCE
Original cataloging agency DLC
Transcribing agency DLC
Modifying agency (BD-RjUL)
Language of cataloging eng
041 ## - LANGUAGE CODE
Language code of text/sound track or separate title eng
082 00 - DEWEY DECIMAL CLASSIFICATION NUMBER
Classification number 005.7565
Edition number 19
Author mark and year KRU
100 1# - MAIN ENTRY--PERSONAL NAME
Personal name Krumm, Rob,
Dates associated with a name 1951-
9 (RLIN) 1033
Fuller form of name Rob Krumm,
245 10 - TITLE STATEMENT
Title Understanding and using dBase III plus power tools /
Statement of responsibility, etc. by Rob Krumm.
260 ## - PUBLICATION, DISTRIBUTION, ETC. (IMPRINT)
Place of publication, distribution, etc. India; Portland, Or. :
Name of publisher, distributor, etc. Management Information Source, Inc.,
Date of publication, distribution, etc. c1987[Printing 1996]
300 ## - PHYSICAL DESCRIPTION
Pagination xx, 674 p. :
Illustrations ill. ;
Size 23 cm.
500 ## - GENERAL NOTE
General note Includes index.
526 ## - STUDY PROGRAM INFORMATION NOTE
Requested Dept. Computer science.
650 #0 - SUBJECT ADDED ENTRY--TOPICAL TERM
Topical term or geographic name as entry element Database management.
9 (RLIN) 333
942 ## - ADDED ENTRY ELEMENTS (KOHA)
Source of classification or shelving scheme Dewey Decimal Classification
Koha item type Books
Holdings
Lost status Source of classification or shelving scheme Damaged status Not for loan Permanent Location Current Location Shelving location Date acquired Source of acquisition Cost, normal purchase price Total Checkouts Full call number Date last seen Copy number Koha item type
  Dewey Decimal Classification     Central Library, University of Rajshahi Central Library, University of Rajshahi   22/03/1998 Dhaka Ahsania Mission Book DIS:HOuse 253.50   005.7565 KRU 1996 17/11/2013 C-3 Books